[Event "Stay Safe Play From Home 193"]
[Site "T#646517Emanuel Laske"]
[Date "2020.06.02"]
[Round "5"]
[White "Fischer_11"]
[Black "Bellbox"]
[Result "1/2-1/2"]
[WhiteElo "2069"]
[BlackElo "2078"]
[Annotator "NA RC"]
[PlyCount "122"]
[EventDate "2020.06.02"]
[EventType "swiss (blitz)"]

1. e4 {[%emt 0:00:04]} e5 {[%emt 0:00:01]} 2. Nc3 {[%emt 0:00:01]} Nf6 {[%emt 0:00:00]} 3. Bc4 {[%emt 0:00:01]} Bb4 {[%emt 0:00:01]} 4. d3 {[%emt 0:00:01]} Bxc3+ {[%emt 0:00:01]} 5. bxc3 {[%emt 0:00:01]} Nc6 {[%emt 0:00:00]} 6. Bg5 {[%emt 0:00:02]} h6 {[%emt 0:00:01]} 7. Bxf6 {[%emt 0:00:01]} Qxf6 {[%emt 0:00:00]} 8. Ne2 {[%emt 0:00:04]} d6 {[%emt 0:00:01]} 9. O-O {[%emt 0:00:01]} O-O {[%emt 0:00:01]} 10. f4 {[%emt 0:00:01]} exf4 {[%emt 0:00:01]} 11. Nxf4 {[%emt 0:00:00]} Qxc3 {[%emt 0:00:01]} 12. Qe2 {[%emt 0:00:09]} Ne5 {[%emt 0:00:01]} 13. Bb3 {[%emt 0:00:02]} Bg4 {[%emt 0:00:02]} 14. Qf2 {[%emt 0:00:01]} a5 {[%emt 0:00:04]} 15. h3 {[%emt 0:00:02]} Bd7 {[%emt 0:00:01]} 16. d4 {[%emt 0:00:01]} Nc6 {[%emt 0:00:04]} 17. a4 {[%emt 0:00:04]} Qxd4 {[%emt 0:00:02]} 18. Rad1 {[%emt 0:00:02]} Qxf2+ {[%emt 0:00:01]} 19. Rxf2 {[%emt 0:00:00]} Ne5 {[%emt 0:00:01]} 20. Nd5 {[%emt 0:00:00]} c6 {[%emt 0:00:07]} 21. Ne7+ {[%emt 0:00:01]} Kh8 {[%emt 0:00:01]} 22. Rxd6 {[%emt 0:00:00]} Rfe8 {[%emt 0:00:04]} 23. Nf5 {[%emt 0:00:02]} Bxf5 {[%emt 0:00:02]} 24. Rxf5 {[%emt 0:00:01]} Rad8 {[%emt 0:00:01]} 25. Rxd8 {[%emt 0:00:02]} Rxd8 {[%emt 0:00:00]} 26. Rxe5 {[%emt 0:00:00]} f6 {[%emt 0:00:00]} 27. Re7 {[%emt 0:00:01]} Rd1+ {[%emt 0:00:00]} 28. Kh2 {[%emt 0:00:01]} Kh7 {[%emt 0:00:00]} 29. Bf7 {[%emt 0:00:02]} h5 {[%emt 0:00:00]} 30. Bxh5 {[%emt 0:00:01]} Kh6 {[%emt 0:00:00]} 31. Bg4 {[%emt 0:00:01]} Rd2 {[%emt 0:00:01]} 32. Rxb7 {[%emt 0:00:01]} Kg5 {[%emt 0:00:01]} 33. Rb6 {[%emt 0:00:02]} Rxc2 {[%emt 0:00:01]} 34. Rxc6 {[%emt 0:00:01]} Rxc6 {[%emt 0:00:02]} 35. Bf5 {[%emt 0:00:01]} g6 {[%emt 0:00:01]} 36. g3 {[%emt 0:00:00]} gxf5 {[%emt 0:00:01]} 37. exf5 {[%emt 0:00:00]} Kxf5 {[%emt 0:00:00]} 38. h4 {[%emt 0:00:00]} Ke4 {[%emt 0:00:00]} 39. Kh3 {[%emt 0:00:00]} Rc2 {[%emt 0:00:00]} 40. Kg4 {[%emt 0:00:00]} Rc7 {[%emt 0:00:01]} 41. h5 {[%emt 0:00:00]} Rg7+ {[%emt 0:00:00]} 42. Kh4 {[%emt 0:00:01]} Kf5 {[%emt 0:00:00]} 43. h6 {[%emt 0:00:00]} Rh7 {[%emt 0:00:00]} 44. Kh5 {[%emt 0:00:00]} Rh8 {[%emt 0:00:02]} 45. g4+ {[%emt 0:00:00]} Kf4 {[%emt 0:00:02]} 46. Kg6 {[%emt 0:00:00]} Rg8+ {[%emt 0:00:00]} 47. Kxf6 {[%emt 0:00:00]} Rxg4 {[%emt 0:00:00]} 48. h7 {[%emt 0:00:00]} Rh4 {[%emt 0:00:00]} 49. Kg7 {[%emt 0:00:00]} Rxh7+ {[%emt 0:00:00]} 50. Kxh7 {[%emt 0:00:00]} Ke4 {[%emt 0:00:00]} 51. Kg6 {[%emt 0:00:00]} Kd4 {[%emt 0:00:00]} 52. Kf5 {[%emt 0:00:00]} Kc4 {[%emt 0:00:00]} 53. Ke4 {[%emt 0:00:00]} Kb4 {[%emt 0:00:00]} 54. Kd3 {[%emt 0:00:00]} Kxa4 {[%emt 0:00:00]} 55. Kc2 {[%emt 0:00:00]} Ka3 {[%emt 0:00:00]} 56. Kb1 {[%emt 0:00:00]} Kb3 {[%emt 0:00:00]} 57. Ka1 {[%emt 0:00:00]} a4 {[%emt 0:00:00]} 58. Kb1 {[%emt 0:00:00]} Ka3 {[%emt 0:00:00]} 59. Ka1 {[%emt 0:00:00]} Kb3 {[%emt 0:00:00]} 60. Kb1 {[%emt 0:00:00]} a3 {[%emt 0:00:00]} 61. Ka1 {[%emt 0:00:00]} a2 {[%emt 0:00:00] (Lag: Av=0.43s, max=0.9s)} 1/2-1/2

[Event "Stay Safe Play From Home 193"]
[Site "T#646517Emanuel Laske"]
[Date "2020.06.02"]
[Round "5"]
[White "Fish4Life"]
[Black "Greblha"]
[Result "0-1"]
[WhiteElo "1933"]
[BlackElo "1974"]
[Annotator "TA"]
[PlyCount "78"]
[EventDate "2020.06.02"]
[EventType "swiss (blitz)"]

{[%evp 9,78,-43,14,0,6,-11,1,1,-2,-36,-35,-67,-50,-83,-92,-256,-267,-239,-254,-280,-187,-188,-187,-190,-79,-115,-93,-284,-127,-120,-27,-153,-153,-169,-162,-500,-504,-508,-192,-316,-316,-654,-652,-665,-656,-679,-675,-677,-678,-659,-650,-688,-681,-837,-827,-886,-878,-1010,-1008,-1213,-1214,-5650,-1096,-29963,-5624,-29968,-6713,-29983,-29984,-29977,-29975]} 1. e4 c6 2. d4 d5 3. Bd3 dxe4 4. Bxe4 Nf6 5. Bd3 Bg4 (5... Qxd4 $15 6. Nf3 Qd6) 6. f3 {B12: Caro-Kann: Advance Variation.} Bh5 {[#]} ({Not} 6... Qxd4 $2 7. fxg4 e6 8. h3 $18) 7. c3 $146 ({Predecessor:} 7. Be3 e6 8. Ne2 Be7 9. Nd2 Nbd7 10. Ng3 Bg6 11. Nde4 O-O 12. O-O Rc8 13. f4 {½-½ (41) Britez Gonzales,J-Valiente,C (2400) San Cristobal 1998}) 7... Bg6 8. Ne2 {The position is equal.} e6 9. Nf4 Bd6 10. Bxg6 hxg6 11. Qd3 Nbd7 12. Nxg6 $2 {[#]} (12. Ne2 $17) 12... fxg6 $19 13. Qxg6+ Kf8 14. Bg5 Qe7 15. Nd2 Qf7 16. Qd3 Nb6 (16... e5 $19 {is more deadly. Hoping for ...exd4.} 17. Ne4 Bc7) 17. O-O-O Nbd5 18. Rhe1 $2 (18. Ne4 $17 {was worth a try.} Bc7 19. h4) 18... Re8 ({Don't take} 18... Bxh2 19. Rh1 $17) (18... Rxh2 $19 {has better winning chances. aiming for ...Bf4.} 19. Rh1 Qh5 20. Rxh2 Qxh2 21. Bxf6 gxf6) 19. h4 $17 Bf4 (19... Kg8 $17 {White must now prevent ...Bg3.} 20. Kb1 Bg3) 20. Kb1 (20. c4 $1 $11) 20... Bxd2 21. Rxd2 {[#]} Nh7 $1 22. Rde2 $2 (22. f4) 22... Nxg5 $19 23. hxg5 Rh5 $2 (23... Nf4 24. g6 Qf6) 24. c4 (24. Re5 {was necessary.}) 24... Nf4 {[%mdl 64] Double Attack} 25. Qe4 $2 (25. Qa3+ Kg8 26. Rd2) 25... Nxe2 26. Rxe2 Qf5 27. g4 Qxe4+ 28. Rxe4 Rxg5 29. Kc2 Rg6 30. Kd3 Rh6 31. Ke3 Rh2 32. b4 Rxa2 33. Kf4 Ra4 34. b5 Rxc4 35. bxc6 bxc6 36. Ke5 c5 (36... Rd8 $142 37. f4 Rd5+ 38. Kxe6 Rcxd4 39. Re2 Rxf4 40. g5 Rff5 41. Re4 Ke8 42. Re2 Rxg5 43. Rh2 Rg6#) 37. Rf4+ Kg8 38. dxc5 Rxf4 39. Kxf4 Rc8 {Accuracy: White = 27%, Black = 52%.} 0-1

[Event "Stay Safe Play From Home 193"]
[Site "T#646517Emanuel Laske"]
[Date "2020.06.02"]
[Round "5"]
[White "Buzaglo"]
[Black "Edmatuag"]
[Result "0-1"]
[WhiteElo "1879"]
[BlackElo "1664"]
[Annotator "NA RC"]
[PlyCount "60"]
[EventDate "2020.06.02"]
[EventType "swiss (blitz)"]

1. d4 {[%emt 0:00:01]} d5 {[%emt 0:00:01]} 2. Nf3 {[%emt 0:00:00]} Nc6 {[%emt 0:00:02]} 3. g3 {[%emt 0:00:00]} Nf6 {[%emt 0:00:01]} 4. Bg2 {[%emt 0:00:00]} e6 {[%emt 0:00:01]} 5. O-O {[%emt 0:00:00]} Bd6 {[%emt 0:00:01]} 6. Nbd2 {[%emt 0:00:00]} O-O {[%emt 0:00:01]} 7. c4 {[%emt 0:00:00]} Be7 {[%emt 0:00:02]} 8. c5 {[%emt 0:00:00]} e5 {[%emt 0:00:02]} 9. a3 {[%emt 0:00:00]} e4 {[%emt 0:00:01]} 10. Nh4 {[%emt 0:00:02]} Ng4 {[%emt 0:00:02]} 11. f3 {[%emt 0:00:02]} Ne3 {[%emt 0:00:02]} 12. Qb3 {[%emt 0:00:01]} Nxf1 {[%emt 0:00:02]} 13. Bxf1 {[%emt 0:00:00]} e3 {[%emt 0:00:01]} 14. Nb1 {[%emt 0:00:03]} Bxh4 {[%emt 0:00:01]} 15. gxh4 {[%emt 0:00:01]} Qxh4 {[%emt 0:00:00]} 16. Qxe3 {[%emt 0:00:01]} Bh3 {[%emt 0:00:03]} 17. Bxh3 {[%emt 0:00:01]} Qxh3 {[%emt 0:00:01]} 18. Qf2 {[%emt 0:00:00]} Rfe8 {[%emt 0:00:01]} 19. e3 {[%emt 0:00:02]} Re6 {[%emt 0:00:02]} 20. Kh1 {[%emt 0:00:04]} Rae8 {[%emt 0:00:02]} 21. Nc3 {[%emt 0:00:02]} Nxd4 {[%emt 0:00:01]} 22. Nxd5 {[%emt 0:00:02]} Nxf3 {[%emt 0:00:02]} 23. Nf4 {[%emt 0:00:04]} Qxh2+ {[%emt 0:00:03]} 24. Qxh2 {[%emt 0:00:01]} Nxh2 {[%emt 0:00:00]} 25. Kxh2 {[%emt 0:00:00]} Re4 {[%emt 0:00:02]} 26. Nd5 {[%emt 0:00:01]} R8e5 {[%emt 0:00:03]} 27. Nxc7 {[%emt 0:00:01]} Rg5 {[%emt 0:00:01]} 28. Kh3 {[%emt 0:00:08]} Reg4 {[%emt 0:00:01]} 29. Nb5 {[%emt 0:00:05]} f5 {[%emt 0:00:01]} 30. e4 {[%emt 0:00:04]} Rh5# {[%emt 0:00:01] (Lag: Av=0.51s, max=1.0s)} 0-1

[Event "Stay Safe Play From Home 193"]
[Site "T#646517Emanuel Laske"]
[Date "2020.06.02"]
[Round "5"]
[White "Grizzzly"]
[Black "Konmos"]
[Result "0-1"]
[WhiteElo "1730"]
[BlackElo "1619"]
[Annotator "NA RC"]
[PlyCount "86"]
[EventDate "2020.06.02"]
[EventType "swiss (blitz)"]

1. d4 {[%emt 0:00:02]} e5 {[%emt 0:00:01]} 2. c4 {[%emt 0:00:04]} exd4 {[%emt 0:00:01]} 3. Nf3 {[%emt 0:00:02]} Bb4+ {[%emt 0:00:00]} 4. Bd2 {[%emt 0:00:01]} Bxd2+ {[%emt 0:00:00]} 5. Nbxd2 {[%emt 0:00:01]} c5 {[%emt 0:00:00]} 6. e3 {[%emt 0:00:01]} Qe7 {[%emt 0:00:02]} 7. Qe2 {[%emt 0:00:01]} dxe3 {[%emt 0:00:05]} 8. Qxe3 {[%emt 0:00:01]} Qxe3+ {[%emt 0:00:01]} 9. fxe3 {[%emt 0:00:01]} Nc6 {[%emt 0:00:00]} 10. Bd3 {[%emt 0:00:00]} Nb4 {[%emt 0:00:01]} 11. Bb1 {[%emt 0:00:02]} Nf6 {[%emt 0:00:00]} 12. a3 {[%emt 0:00:01]} Nc6 {[%emt 0:00:00]} 13. O-O {[%emt 0:00:02]} d5 {[%emt 0:00:00]} 14. cxd5 {[%emt 0:00:01]} Nxd5 {[%emt 0:00:01]} 15. Re1 {[%emt 0:00:01]} O-O {[%emt 0:00:01]} 16. Nc4 {[%emt 0:00:01]} Bg4 {[%emt 0:00:02]} 17. Nce5 {[%emt 0:00:02]} Bxf3 {[%emt 0:00:02]} 18. Nxf3 {[%emt 0:00:01]} b5 {[%emt 0:00:01]} 19. e4 {[%emt 0:00:01]} Nf4 {[%emt 0:00:01]} 20. e5 {[%emt 0:00:01]} Ne6 {[%emt 0:00:03]} 21. Nd2 {[%emt 0:00:03]} a5 {[%emt 0:00:02]} 22. Ne4 {[%emt 0:00:00]} Ncd4 {[%emt 0:00:02]} 23. Nd6 {[%emt 0:00:03]} Rfd8 {[%emt 0:00:02]} 24. b4 {[%emt 0:00:01]} cxb4 {[%emt 0:00:04]} 25. axb4 {[%emt 0:00:01]} axb4 {[%emt 0:00:03]} 26. Rxa8 {[%emt 0:00:01]} Rxa8 {[%emt 0:00:00]} 27. Rc1 {[%emt 0:00:01]} g6 {[%emt 0:00:03]} 28. Be4 {[%emt 0:00:08]} Ne2+ {[%emt 0:00:01]} 29. Kf2 {[%emt 0:00:02]} Nxc1 {[%emt 0:00:00]} 30. Ke3 {[%emt 0:00:00]} b3 {[%emt 0:00:00]} 31. Bc6 {[%emt 0:00:01]} Ra3 {[%emt 0:00:03]} 32. Kd2 {[%emt 0:00:00]} b2 {[%emt 0:00:01]} 33. Kc2 {[%emt 0:00:01]} Rb3 {[%emt 0:00:02]} 34. Kb1 {[%emt 0:00:00]} Nd4 {[%emt 0:00:02]} 35. Bd5 {[%emt 0:00:01]} Rb4 {[%emt 0:00:02]} 36. Ba2 {[%emt 0:00:01]} Nc6 {[%emt 0:00:02]} 37. Ne4 {[%emt 0:00:01]} Na5 {[%emt 0:00:00]} 38. Nf6+ {[%emt 0:00:00]} Kg7 {[%emt 0:00:01]} 39. Nd5 {[%emt 0:00:01]} Rd4 {[%emt 0:00:02]} 40. Ne7 {[%emt 0:00:00]} Rd2 {[%emt 0:00:01]} 41. e6 {[%emt 0:00:00]} Nc4 {[%emt 0:00:01]} 42. Nf5+ {[%emt 0:00:01]} Kf6 {[%emt 0:00:01]} 43. e7 {[%emt 0:00:00]} Na3# {[%emt 0:00:00] (Lag: Av=0.77s, max=1.2s)} 0-1

[Event "Stay Safe Play From Home 193"]
[Site "T#646517Emanuel Laske"]
[Date "2020.06.02"]
[Round "5"]
[White "Ahmet777"]
[Black "Emresenar"]
[Result "0-1"]
[WhiteElo "1697"]
[BlackElo "1726"]
[Annotator "NA RC"]
[PlyCount "48"]
[EventDate "2020.06.02"]
[EventType "swiss (blitz)"]

1. d4 {[%emt 0:00:01]} d5 {[%emt 0:00:01]} 2. e3 {[%emt 0:00:01]} e6 {[%emt 0:00:01]} 3. Nf3 {[%emt 0:00:01]} Nf6 {[%emt 0:00:00]} 4. Bd3 {[%emt 0:00:01]} c5 {[%emt 0:00:00]} 5. O-O {[%emt 0:00:01]} Nc6 {[%emt 0:00:01]} 6. dxc5 {[%emt 0:00:01]} Bxc5 {[%emt 0:00:01]} 7. Nc3 {[%emt 0:00:01]} O-O {[%emt 0:00:00]} 8. Ng5 {[%emt 0:00:04]} h6 {[%emt 0:00:02]} 9. Nf3 {[%emt 0:00:02]} e5 {[%emt 0:00:00]} 10. Nxe5 {[%emt 0:00:01]} Nxe5 {[%emt 0:00:01]} 11. Bb5 {[%emt 0:00:02]} a6 {[%emt 0:00:01]} 12. Be2 {[%emt 0:00:01]} Be6 {[%emt 0:00:03]} 13. e4 {[%emt 0:00:01]} dxe4 {[%emt 0:00:03]} 14. Qxd8 {[%emt 0:00:00]} Rfxd8 {[%emt 0:00:01]} 15. Bf4 {[%emt 0:00:03]} Ng6 {[%emt 0:00:01]} 16. Bc7 {[%emt 0:00:02]} Rd7 {[%emt 0:00:01]} 17. Bg3 {[%emt 0:00:01]} e3 {[%emt 0:00:01]} 18. fxe3 {[%emt 0:00:02]} Bxe3+ {[%emt 0:00:00]} 19. Kh1 {[%emt 0:00:04]} Rad8 {[%emt 0:00:01]} 20. Rf3 {[%emt 0:00:02]} Bd4 {[%emt 0:00:06]} 21. Rd1 {[%emt 0:00:02]} Bxc3 {[%emt 0:00:01]} 22. bxc3 {[%emt 0:00:01]} Rxd1+ {[%emt 0:00:01]} 23. Bxd1 {[%emt 0:00:00]} Rxd1+ {[%emt 0:00:01]} 24. Rf1 {[%emt 0:00:01]} Rxf1# {[%emt 0:00:01] (Lag: Av=0.62s, max=1.2s)} 0-1

[Event "Stay Safe Play From Home 193"]
[Site "T#646517Emanuel Laske"]
[Date "2020.06.02"]
[Round "6"]
[White "Broken sword"]
[Black "Rogan"]
[Result "1/2-1/2"]
[WhiteElo "2546"]
[BlackElo "2216"]
[Annotator "TA"]
[PlyCount "121"]
[EventDate "2020.06.02"]
[EventType "swiss (blitz)"]

{[%evp 9,121,10,28,28,60,59,61,51,81,60,55,28,65,48,77,25,52,51,66,65,112,104,104,110,108,109,105,111,110,107,111,110,110,111,108,97,99,102,124,106,327,314,325,320,342,352,351,277,277,277,325,324,332,328,341,337,336,310,452,447,447,433,433,428,392,378,5306,382,6311,635,627,560,1398,614,1837,964,1503,1496,1483,1477,1475,1387,1108,760,1489,1489,1345,1295,4566,3058,29972,29973,29966,12797,5175,0,0,0,29989,0,0,0,0,0,0,0,0,0,0,0,0,0,0,0]} 1. d4 d5 2. Nf3 c6 3. c3 Nf6 4. Qb3 Qb6 5. Bf4 Bg4 6. Nbd2 {[#] D02: 1 d4 d5 2 Nf3 sidelines, including 2...Nf6 3 g3 and 2...Nf6 3 Bf4.} Qxb3 $146 ({Predecessor:} 6... Nbd7 7. e3 e6 8. Be2 Be7 9. h3 Bf5 10. O-O Qxb3 11. axb3 Ne4 12. b4 g5 {0-1 (47) Mrkonjic,N (2350)-Deutsch,E (2374) playchess.com INT 2005}) 7. axb3 Nbd7 8. b4 {White is slightly better.} Bxf3 9. Nxf3 e6 10. h3 Be7 11. e3 O-O 12. b5 (12. g4 $16) 12... c5 13. Be2 a6 14. bxa6 Ra7 15. O-O c4 16. axb7 Rxb7 17. Ra2 Ne4 18. Rfa1 Bd6 19. Bxd6 Nxd6 20. Ra7 Rfb8 21. Rxb7 Rxb7 22. Ra2 f6 23. Bd1 Ne4 24. Bc2 Kf7 $2 (24... f5 $16) 25. Bxe4 $1 $18 dxe4 {[%mdl 4096] Endgame KRN-KRN} 26. Nd2 $1 {[%csl LRc4,LRe4][%mdl 64] [#] Double Attack} e5 27. Nxc4 {And now Nd6+ would win.} Ke6 28. dxe5 Nxe5 29. Nxe5 fxe5 {KR-KR} 30. Kf1 Kd5 31. Ke2 Kc4 32. Kd2 Kb3 33. Ra5 Kxb2 (33... Rd7+ {keeps fighting.} 34. Ke2 Kc2) 34. Rxe5 Rd7+ 35. Ke2 Kxc3 36. Rxe4 Rd2+ 37. Kf3 Kc2 $2 (37... Rd7 38. Re6 Ra7) 38. Kg3 $2 (38. Rd4 {Strongly threatening Rxd2+.} Rd3 39. Rxd3 Kxd3 40. Kf4) 38... Kd1 $2 (38... Rd7 39. Re8 Kd3) 39. Rf4 (39. Rd4 $142 h5 40. Kf3) 39... Ke1 40. e4 Re2 41. h4 (41. Rf3 $142) 41... g6 42. Rf7 h5 43. Rf6 Kf1 44. e5 Rxe5 45. Rxg6 Re2 46. Rf6 Rd2 47. Rf5 Re2 48. Rxh5 Rxf2 49. Kh3 Rxg2 50. Rf5+ Kg1 51. Rg5 (51. h5 $142 Ra2 52. Kg4 Rg2+ 53. Kh4 Re2 54. h6 Kh2 55. h7 Re8 56. Kh5) 51... Kh1 52. h5 $2 ({White should play} 52. Rd5 $18 {Intending Rd1+ and mate.} Rh2+ 53. Kg4 Rg2+ 54. Kf4) 52... Rxg5 $11 {KR-KP} 53. Kh4 Rg3 $2 {[%mdl 8192] [#]} (53... Rg8 $11) 54. h6 $2 (54. Kxg3 {mates} Kg1 55. h6 Kf1 56. Kf3 Ke1 57. h7 Kd1 58. Ke3 Kc2 59. h8=Q) 54... Rg2 {The position is equal.} (54... Rd3 {keeps more tension.} 55. Kg5 Rd8 56. h7 Kg1 57. Kh6 Kf2) 55. Kh5 Rh2+ 56. Kg6 Rg2+ 57. Kf7 Rh2 58. Kg7 Kg2 59. h7 Rh3 60. h8=Q Rxh8 61. Kxh8 {Accuracy: White = 67%, Black = 39%.} 1/2-1/2

[Event "Stay Safe Play From Home 193"]
[Site "T#646517Emanuel Laske"]
[Date "2020.06.02"]
[Round "6"]
[White "Mepe_Nika"]
[Black "SoulofWolf"]
[Result "0-1"]
[WhiteElo "2296"]
[BlackElo "2104"]
[Annotator "TA"]
[PlyCount "202"]
[EventDate "2020.06.02"]
[EventType "swiss (blitz)"]

{[%evp 10,202,18,10,30,27,29,32,85,46,48,41,33,30,72,49,85,62,83,45,43,36,137,129,214,201,237,96,129,67,147,138,172,90,90,90,134,120,147,156,263,119,266,254,239,78,68,56,147,22,15,6,52,38,60,24,110,76,82,82,82,82,82,82,82,38,38,38,82,55,82,34,82,82,82,8,81,34,34,34,34,34,34,34,34,0,34,34,34,34,34,34,34,34,34,34,34,0,34,0,34,0,34,0,34,0,34,0,34,34,34,0,34,0,34,0,29992,0,34,0,34,0,34,0,34,0,34,-180,34,34,34,0,34,0,34,0,34,0,34,0,642,8,8,8,8,8,8,0,8,8,8,8,8,8,1109,-280,8,0,8,8,8,8,8,8,8,0,8,0,0,0,8,-19,0,-593,488,-63,27,27,27,0,27,-775,963,171,488,27,410,-400,-364,-1839,0,-64,0,-563,117]} 1. c4 e6 2. g3 Nf6 3. Bg2 d5 4. Nf3 c6 5. b3 Nbd7 6. Bb2 g6 {A13: English Opening: 1...e6.} 7. O-O Bg7 8. e3 {[#]} Nh5 $146 (8... O-O $14) ({Predecessor:} 8... O-O 9. Nc3 Re8 10. d4 dxc4 11. bxc4 c5 12. Nb5 Nb6 13. Qc2 a6 14. dxc5 axb5 15. cxb6 Qxb6 {1-0 (42) Le Bail,C (1933)-Ezanno,M (1914) Le Grand Bornand 2007}) 9. Qc1 O-O 10. d3 Bxb2 11. Qxb2 Qf6 12. Nc3 a6 13. Rab1 {[%cal Ba1b1,Bb1b2,Bb2c2][%mdl 32]} (13. d4 {is interesting.} Qe7 14. Rfe1 b5 15. e4 dxc4 16. bxc4 Rb8 17. Rad1) 13... b5 14. Ne2 Qxb2 15. Rxb2 f6 (15... Bb7 $14) 16. Rc2 Bb7 (16... Ne5 $16) 17. cxd5 $18 exd5 {[#]} 18. d4 (18. Nfd4 $1 $18) 18... Rac8 19. Nc1 (19. a4 $16) 19... Rfe8 (19... c5 $14) 20. Nd3 $16 Rc7 21. Nc5 (21. Rfc1 $18) 21... Nxc5 22. Rxc5 Kf7 23. Rfc1 Ke6 24. Ne1 Kd6 {[#]} (24... Rcc8 $16 25. Bf3 Ng7) 25. Nd3 (25. Bxd5 $1 $18 {[%mdl 512] has better winning chances.} Ng7 (25... cxd5 26. Rxc7) 26. Bg2) 25... Rd8 (25... Rec8 $16 {keeps fighting.} 26. Bh3 f5) 26. g4 $18 Ng7 27. h4 $2 (27. Bxd5 $1 $18 {Hoping for Be4.} Ne6 28. Bxe6 Kxe6 29. g5) 27... Ne6 $16 28. R5c2 (28. R5c3 {is more complex.} a5 29. a3 Ra8 30. f4 b4 31. axb4 Ba6 32. bxa5 Bxd3 33. Rxd3 Rxa5 34. Rdc3) 28... Rcd7 (28... Rdc8 $14) 29. Nc5 (29. g5 $16) 29... Nxc5 $11 30. Rxc5 Ke6 31. b4 h6 32. f4 h5 (32... Re7 $11) 33. g5 f5 34. Kf2 Ke7 35. a3 Re8 36. Bf1 Kd6 37. Bd3 Rde7 38. Re1 Re6 39. Rc3 R6e7 40. Bc2 Re6 41. a4 R6e7 42. Ra1 (42. a5 $16) 42... Ra8 (42... a5 $1 $11 {keeps the balance.}) 43. axb5 axb5 44. Rxa8 Bxa8 $16 {[%mdl 4096] Endgame KRB-KRB} 45. Ra3 Bb7 46. Ra7 Kc7 47. Ra3 Kb6 48. Bd3 Rd7 49. Ke2 Re7 50. Kd2 Rd7 51. Ra1 Rc7 52. Rc1 Re7 53. Ra1 Rg7 54. Ra3 Rh7 55. Ra1 Rh8 56. Ra3 Rb8 57. Ra1 Rc8 58. Ra3 Kc7 59. Ra5 Rb8 60. Kc3 Rf8 (60... Re8 $5 {[%cal Re8e3]} 61. Kd2 Re7 $11) 61. Ra3 Kb6 (61... Re8 $5 {[%cal Re8e3]} 62. Kd2 Kb6 $11) 62. Ra5 Rf6 $2 {[%mdl 8192]} (62... Kc7 $11) 63. Ra3 $2 (63. gxf6 {mates} c5 64. f7 Bc6 65. f8=Q cxb4+ 66. Kxb4 Kb7 67. Bxb5 Kc7 68. Bxc6 Kb6 69. Qc8 g5 70. Qb7#) 63... Rf7 64. Ra5 Rd7 (64... Rf6 $5) 65. Ra3 Rd8 66. Ra5 Rc8 67. Ra3 Kc7 68. Kb3 $2 (68. Ra7 $14 {stays ahead.}) 68... Rb8 $2 (68... Re8 $19 69. Kc2 Rxe3) 69. Kb2 Bc8 70. Kb3 Rb7 (70... Bb7 $5 {[%cal Rb8e8]} 71. Kc3 Bc8 $11) 71. Kb2 Bd7 72. Kb3 Be6 73. Kb2 Bd7 74. Kb3 c5 $2 {[%mdl 8192]} (74... Be6 $11) 75. Kc3 $2 ({White should play} 75. bxc5 $18 {Black must now prevent Kb4.} Be8 76. Kb4) 75... c4 $11 76. Bc2 Bc6 77. Kb2 Kd6 78. Kc3 Kc7 79. Ra1 Kb6 80. Kb2 Re7 81. Ra3 Re4 $2 {[%mdl 8192]} (81... Kb7 $11) 82. Kc3 $4 {[%mdl 8192]} (82. Bxe4 $18 dxe4 83. Kc3) 82... Re7 $2 (82... Rxe3+ $19 83. Kb2 Re2) 83. Kb2 Rd7 (83... Re4 {keeps more tension.}) 84. Rc3 (84. Bd1 {seems wilder.} Re7 85. Bf3 Rd7 86. Kc3 Kc7 87. Ra1) 84... Bb7 85. Kc1 Kc7 86. Kd2 Bc6 87. Kc1 Rd8 88. Kd2 Ra8 89. Kc1 Ra2 90. Kd2 (90. Kb1 $5 {[%cal Rb1a2]} Ra8 91. Kb2 $11) 90... Ra7 91. e4 $2 {[%mdl 8192]} (91. Bb1 $11 {and White stays safe.}) 91... Rb7 $4 {[%mdl 8192]} (91... dxe4 $19 {and life is good for Black.} 92. d5 Bxd5) 92. e5 $2 (92. exf5 $18 gxf5 93. Bxf5) 92... Bd7 ({Black should try} 92... Ra7 $15) 93. Kc1 Be6 94. Kd2 Kc6 95. Bxf5 $2 {[%mdl 8192]} (95. Ra3 $11) 95... Ra7 $4 {[%mdl 8192]} ({Less strong is} 95... gxf5 96. Ra3 $17) (95... Bxf5 $19 96. Ra3 Kb6) 96. Bc2 $2 (96. Bxe6 Ra2+ 97. Rc2) 96... Bg4 $2 (96... Ra2 {is a better chance.}) 97. f5 $2 ({White has to play} 97. Bxg6 $18 Ra2+ 98. Rc2) 97... gxf5 $2 {[%mdl 8192]} (97... Bxf5 $11 {and Black has nothing to worry.} 98. Bxf5 gxf5) 98. e6 $4 {[%mdl 8192]} (98. Ke3 $18 {was the only winning move.}) 98... f4 $19 99. Re3 $2 (99. Bb1 Kd6 100. Rc1) 99... Re7 $2 (99... fxe3+ $19 100. Kxe3 Bxe6) 100. Re5 (100. Re1 $11) 100... Rxe6 ({Better is} 100... Kd6 $15) 101. Ke1 $2 {[%mdl 8192]} (101. Rxe6+ $11 Bxe6 102. Bd1) 101... f3 $2 {[%mdl 32768] A wild game. Accuracy: White = 37%, Black = 36%. . Loss on time!?} (101... Rxe5+ $19 102. dxe5 Kd7) 0-1